Top 10 x 3 : Europe’s Most Dangerous Cities - Statistics

General Stats
  • This quiz has been taken 828 times
  • The average score is 18 of 30
Answer Stats
# Answer % Correct
9 London
93%
7 Paris
93%
1 Moscow
92%
5 Rome
88%
7 Rome
88%
6 Madrid
85%
1 Kiev
81%
8 Athens
79%
3 Athens
79%
10 Barcelona
78%
4 Naples
74%
2 Saint Petersburg
74%
6 Milan
73%
5 Budapest
71%
10 Bucharest
70%
2 Belgrade
66%
4 Sofia
62%
3 Marseille
58%
5 Marseille
58%
4 Brussels
56%
10 Sarajevo
56%
9 Zagreb
54%
9 Glasgow
40%
8 Riga
40%
3 Turin
37%
8 Rotterdam
26%
6 Lille
12%
2 Bari
10%
1 Rostov-on-Don
7%
7 Coventry
1%
No matching quizzes found
Score Distribution
Percent of People with Each Score
Percentile by Number Answered
Your Score History
You have not taken this quiz